10 piłkarzy z największą ilością meczy w Lidze Mistrzów - Statystyki

Ogólne statystyki
  • Ten quiz został rozwiązany 267 razy
  • Średni wynik to 6 z 10
Statystyki odpowiedzi
Hint Odpowiedź % Poprawnych
183 Cristiano Ronaldo
100%
163 Leo Messi
99%
152 Karim Benzema
58%
142 Sergio Ramos
57%
177 Iker Casillas
56%
151 Xavi
47%
150 Toni Kroos
45%
142 Raul
38%
151 Thomas Muller
38%
145 Ryan Giggs
14%
Nie znaleziono quizów pasujących do podanych kryteriów
Rozkład punktacji
Procent ludzi z każdym wynikiem
Percentyl według liczby udzielonych odpowiedzi
Twoja historia wyników
Nie rozwiązałeś tego quizu